000 00573nam a2200193Ia 4500
003 GCL
008 140319s9999 xx 000 0 ara d
040 _aGCL /
_cGCL
082 0 4 _a811.1
_bم ن
100 1 _aمحمود احمد حسن المراغى
245 1 0 _aنصوص فى الدراسات الادبية /
_cمحمود احمد حسن المراغى
300 _a242 ص
490 _aكتاب
_v0
650 0 4 _aالشعر العربى
650 0 4 _aالادب العربى
650 0 4 _aتاريخ ونقد
650 0 4 _aالمجموعات
942 _2ddc
_cBK
999 _c41982
_d41982